Video / (Record no. 12642)

000 -LEADER
fixed length control field 00499nam a2200193Ia 4500
020 ## - INTERNATIONAL STANDARD BOOK NUMBER
ISBN 0194371026
040 ## - CATALOGING SOURCE
Transcribing agency EQF
082 ## - DEWEY DECIMAL CLASSIFICATION NUMBER
Classification number 428 OXF 1991 A022 Or.
100 1# - MAIN ENTRY--AUTHOR NAME
Personal name Cooper, Richard
245 10 - TITLE STATEMENT
Title Video /
260 ## - PUBLICATION, DISTRIBUTION, ETC. (IMPRINT)
Place of publication Oxford :
Name of publisher Oxford University Press,
Year of publication 1991
300 ## - PHYSICAL DESCRIPTION
Number of Pages [vi], 112 p. :
Other physical details ill. ;
Dimensions 24 cm
490 1# - SERIES STATEMENT
Series statement Resource books for teachers
650 #0 - SUBJECT ADDED ENTRY--TOPICAL TERM
Topical Term Visual education
650 #0 - SUBJECT ADDED ENTRY--TOPICAL TERM
Topical Term Video tapes in education
700 10 - ADDED ENTRY--PERSONAL NAME
Personal name Lavery, Mike
700 10 - ADDED ENTRY--PERSONAL NAME
Personal name Rinvolucri, Mario
942 ## - ADDED ENTRY ELEMENTS (KOHA)
Koha item type សៀវភៅភាសាអង់គ្លេស
952 ## - LOCATION AND ITEM INFORMATION (KOHA)
Withdrawn status [LOCAL, KOHA] 0
Holdings
Permanent Location Date acquired Koha item type Lost status Shelving location Barcode Current Location Full call number
Library Block A2017-08-15សៀវភៅភាសាអង់គ្លេស A022A15747Library Block A428 OXF 1991 A022 Or.
មជ្ឈមណ្ឌលឯការនៃសាកលវិទ្យាល័យភូមិន្ទកសិកម្មចំការដូង

Powered by Koha